000 00687na a2200241 4500
001 17422
003 MIRAKIL
005 20181213154941.0
008 161024b tu 000 0
020 _a9753957688
040 _aMilas
_btur
_cTR-AnCHP
041 _atur
082 _a338.209561
_bZ25z 2004
090 _a338.209561 Z25z 2004
100 _aZaman, Ekrem Murat
245 _aZonguldak kömür havzasının iki yüzyılı
_cEkrem Murat Zaman
260 _aAnkara
_bMaden Mühendisleri Odası
_c2004
300 _a166 s.
_bres.
_c30 sm.
504 _aKaynakça var.
650 _aMadencilik
_xTarih
_zZonguldak
651 _aTürkiye
_xMadencilik
_yTarih
942 _2ddc
_cBKS
999 _c3733
_d3733